[Event "HUN-chT2 Maroczy 1011"]
[Site "Hungary"]
[Date "2011.05.15"]
[Round "11"]
[White "Adam, Zoltan"]
[Black "Vicicko, Zoltan"]
[Result "1/2-1/2"]
[WhiteElo "1954"]
[BlackElo "1917"]
[PlyCount "61"]
[EventDate "2010.09.12"]
[EventType "team-tourn"]
[EventRounds "11"]
[EventCountry "HUN"]
[SourceTitle "EXT 2012"]
[Source "ChessBase"]
[SourceDate "2011.11.24"]
[SourceVersion "1"]
[SourceVersionDate "2011.11.24"]
[SourceQuality "1"]
[WhiteTeam "Miskolc EMSE"]
[BlackTeam "Nyiregyhaza"]
[WhiteTeamCountry "HUN"]
[BlackTeamCountry "HUN"]

1. d4 Nf6 2. Nc3 g6 3. e4 d6 4. f4 Bg7 5. Nf3 0-0 6. Bd3 c5 7. dxc5 dxc5 8. e5 Nd5 9. Nxd5 Qxd5 10. Qe2 Nc6 11. c3 Be6 12. Be4 Qd7 13. Be3 f6 14. exf6 exf6 15. Bxc5 Rfe8 16. Rd1 Qc7 17. Be3 Bxa2 18. Bd5+ Bxd5 19. Rxd5 Qe7 20. Kf2 Bh6 21. Re1 Qe4 22. Qd3 Bxf4 23. Qxe4 Rxe4 24. Bxf4 Rxf4 25. Rd7 Rb8 26. Kg3 Rf5 27. Red1 Rb5 28. b4 Re8 29. Rc7 Re7 30. Rdd7 Rxd7 31. Rxd7 1/2-1/2

[Event "HUN-chT2 Maroczy 1011"]
[Site "Hungary"]
[Date "2011.04.10"]
[Round "8"]
[White "Albert, Kornelia"]
[Black "Vicicko, Zoltan"]
[Result "0-1"]
[WhiteElo "2103"]
[BlackElo "1917"]
[PlyCount "36"]
[EventDate "2010.09.12"]
[EventType "team-tourn"]
[EventRounds "11"]
[EventCountry "HUN"]
[SourceTitle "EXT 2012"]
[Source "ChessBase"]
[SourceDate "2011.11.24"]
[SourceVersion "1"]
[SourceVersionDate "2011.11.24"]
[SourceQuality "1"]
[WhiteTeam "MLTC II"]
[BlackTeam "Nyiregyhaza"]
[WhiteTeamCountry "HUN"]
[BlackTeamCountry "HUN"]

1. e4 d6 2. d4 Nf6 3. Nc3 g6 4. Be3 c6 5. f3 b5 6. Qd2 Nbd7 7. 0-0-0 Qa5 8. Kb1 b4 9. Nce2 c5 10. dxc5 dxc5 11. e5 Nxe5 12. Bxc5 Be6 13. Qxb4 Qxa2+ 14. Kc1 Nc4 15. c3 Bf5 16. Qb5+ Nd7 17. Qxc4 Qxc4 18. Ba3 Bh6+ 0-1

[Event "HUN-chT U18"]
[Site "Miskolc"]
[Date "2010.11.04"]
[Round "5.5"]
[White "Honsch, Kamilla"]
[Black "Vicicko, Zoltan"]
[Result "1/2-1/2"]
[WhiteElo "1738"]
[BlackElo "1917"]
[PlyCount "38"]
[EventDate "2010.11.02"]
[EventType "team-swiss"]
[EventRounds "8"]
[EventCountry "HUN"]
[SourceTitle "EXT 2016"]
[Source "ChessBase"]
[SourceDate "2015.10.08"]
[SourceVersion "1"]
[SourceVersionDate "2015.10.08"]
[SourceQuality "1"]

1. c4 Nf6 2. Nc3 g6 3. d4 Bg7 4. e4 d6 5. Bd3 0-0 6. Nge2 e5 7. d5 a5 8. h3 Na6 9. Be3 Kh8 10. a3 Bd7 11. 0-0 Nh5 12. g4 Qh4 13. Kg2 f5 14. f3 fxg4 15. hxg4 Bxg4 16. fxg4 Qxg4+ 17. Kh2 Qh4+ 18. Kg2 Qg4+ 19. Kh2 Qh4+ 1/2-1/2

[Event "HUN-chT2 Barcza 0910"]
[Site "Hungary"]
[Date "2010.05.02"]
[Round "11.4"]
[White "Gaal, Attila"]
[Black "Vicicko, Zoltan"]
[Result "1/2-1/2"]
[WhiteElo "2109"]
[BlackElo "1853"]
[PlyCount "45"]
[EventDate "2009.11.08"]
[EventType "team-tourn"]
[EventRounds "11"]
[EventCountry "HUN"]
[SourceTitle "EXT 2011"]
[Source "ChessBase"]
[SourceDate "2010.11.26"]
[SourceVersion "1"]
[SourceVersionDate "2010.11.26"]
[SourceQuality "1"]
[WhiteTeam "Piremon"]
[BlackTeam "Nyiregyhaza"]
[WhiteTeamCountry "HUN"]
[BlackTeamCountry "HUN"]

1. e4 d6 2. d4 Nf6 3. Nc3 g6 4. f3 c6 5. a4 a5 6. Be3 Na6 7. Qd2 Nb4 8. Bd3 Bg7 9. Nge2 0-0 10. Nc1 Qc7 11. Bh6 e5 12. Bxg7 Kxg7 13. dxe5 dxe5 14. Bc4 Rb8 15. Qf2 b5 16. Bb3 bxa4 17. Nxa4 Ba6 18. Nc5 Qb6 19. Nxa6 Qxa6 20. Qe2 Qb6 21. Qf2 Qa6 22. Qe2 Qb6 23. Qf2 1/2-1/2

[Event "HUN-chT2 Barcza 0910"]
[Site "Hungary"]
[Date "2010.04.11"]
[Round "9.4"]
[White "Merenyi, Gabor"]
[Black "Vicicko, Zoltan"]
[Result "1-0"]
[WhiteElo "2130"]
[BlackElo "1853"]
[PlyCount "75"]
[EventDate "2009.11.08"]
[EventType "team-tourn"]
[EventRounds "11"]
[EventCountry "HUN"]
[SourceTitle "EXT 2011"]
[Source "ChessBase"]
[SourceDate "2010.11.26"]
[SourceVersion "1"]
[SourceVersionDate "2010.11.26"]
[SourceQuality "1"]
[WhiteTeam "Kazincbarcika"]
[BlackTeam "Nyiregyhaza"]
[WhiteTeamCountry "HUN"]
[BlackTeamCountry "HUN"]

1. e4 d6 2. d4 Nf6 3. f3 g6 4. c4 c5 5. Ne2 Bg7 6. Be3 Nc6 7. Nbc3 cxd4 8. Nxd4 Qb6 9. Nf5 Qxb2 10. Nxg7+ Kf8 11. Na4 Qb4+ 12. Bd2 Qa3 13. Bh6 Qb4+ 14. Kf2 Kg8 15. Qb3 Qa5 16. Qb5 Qc7 17. Be2 Bd7 18. Nc3 Nd4 19. Qb2 Qc5 20. Kf1 b5 21. Nd5 Nxd5 22. cxd5 Nxe2 23. Kxe2 b4 24. Nf5 Bb5+ 25. Ke1 f6 26. Rc1 Qb6 27. Nxe7+ Kf7 28. Nc6 g5 29. Qd2 Rae8 30. Nd4 Rhg8 31. Qxb4 Kg6 32. h4 Kxh6 33. Nf5+ Kg6 34. Qxb5 Qxb5 35. h5+ Kf7 36. Nxd6+ Ke7 37. Nxb5 Rb8 38. Nd4 1-0

[Event "HUN-chT2 Barcza 0910"]
[Site "Hungary"]
[Date "2010.02.14"]
[Round "6.6"]
[White "Vicicko, Zoltan"]
[Black "Bakos, Levente"]
[Result "1-0"]
[WhiteElo "1853"]
[BlackElo "2087"]
[PlyCount "53"]
[EventDate "2009.11.08"]
[EventType "team-tourn"]
[EventRounds "11"]
[EventCountry "HUN"]
[SourceTitle "EXT 2011"]
[Source "ChessBase"]
[SourceDate "2010.11.26"]
[SourceVersion "1"]
[SourceVersionDate "2010.11.26"]
[SourceQuality "1"]
[WhiteTeam "Nyiregyhaza"]
[BlackTeam "DEAC"]
[WhiteTeamCountry "HUN"]
[BlackTeamCountry "HUN"]

1. e4 c5 2. Nf3 d6 3. d4 cxd4 4. Nxd4 Nf6 5. Nc3 g6 6. Be3 Bg7 7. f3 0-0 8. Bc4 Nc6 9. Qd2 Bd7 10. 0-0-0 Qb8 11. h4 b5 12. Bb3 a5 13. Ndxb5 a4 14. Bd5 Nxd5 15. Qxd5 Rc8 16. h5 Nb4 17. Qg5 Bxb5 18. hxg6 Rxc3 19. gxf7+ Kf8 20. Bd4 Rxc2+ 21. Kb1 Kxf7 22. Qh5+ Kf8 23. Bxg7+ Kxg7 24. Qxh7+ Kf8 25. Qf5+ Kg8 26. Qg6+ Kf8 27. Rh8# 1-0

[Event "HUN-chT2 Barcza 0910"]
[Site "Hungary"]
[Date "2009.12.20"]
[Round "4.4"]
[White "Kovacs, Laszlo"]
[Black "Vicicko, Zoltan"]
[Result "1/2-1/2"]
[WhiteElo "2106"]
[BlackElo "1853"]
[PlyCount "61"]
[EventDate "2009.11.08"]
[EventType "team-tourn"]
[EventRounds "11"]
[EventCountry "HUN"]
[SourceTitle "EXT 2011"]
[Source "ChessBase"]
[SourceDate "2010.11.26"]
[SourceVersion "1"]
[SourceVersionDate "2010.11.26"]
[SourceQuality "1"]
[WhiteTeam "HSSE"]
[BlackTeam "Nyiregyhaza"]
[WhiteTeamCountry "HUN"]
[BlackTeamCountry "HUN"]

1. Nf3 Nf6 2. c4 g6 3. Nc3 Bg7 4. g3 d6 5. Bg2 0-0 6. 0-0 c6 7. d4 Qa5 8. Bd2 Qb6 9. b4 Bg4 10. c5 Qc7 11. h3 Bxf3 12. Bxf3 e5 13. dxe5 dxe5 14. Bg5 Nbd7 15. Rc1 h6 16. Be3 Rad8 17. Qa4 a6 18. Qb3 Rfe8 19. a4 Nf8 20. b5 Ne6 21. bxc6 bxc6 22. Qb6 Qxb6 23. cxb6 Nd5 24. Rfd1 Nxc3 25. Rxd8 Rxd8 26. Rxc3 e4 27. Rxc6 exf3 28. exf3 Rb8 29. Rd6 Rb7 30. Rd5 Rb8 31. Rd2 1/2-1/2

[Event "HUN-chT U18"]
[Site "Miskolc"]
[Date "2009.10.27"]
[Round "2.9"]
[White "Vicicko, Zoltan"]
[Black "Nagy, Zoltan"]
[Result "1/2-1/2"]
[WhiteElo "1853"]
[BlackElo "2007"]
[PlyCount "83"]
[EventDate "2009.10.26"]
[EventType "team-swiss"]
[EventRounds "8"]
[EventCountry "HUN"]
[SourceTitle "EXT 2016"]
[Source "ChessBase"]
[SourceDate "2015.10.08"]
[SourceVersion "1"]
[SourceVersionDate "2015.10.08"]
[SourceQuality "1"]

1. e4 e5 2. Nf3 Nc6 3. Bb5 a6 4. Ba4 Nf6 5. 0-0 Be7 6. Re1 b5 7. Bb3 0-0 8. c3 d5 9. exd5 Nxd5 10. Nxe5 Nxe5 11. Rxe5 c6 12. d4 Bd6 13. Re1 Qh4 14. g3 Qh3 15. Be3 Bg4 16. Qd3 Rae8 17. Nd2 Re6 18. a4 Qh5 19. axb5 axb5 20. Qf1 Rfe8 21. Bxd5 Qxd5 22. Qg2 Qh5 23. f3 Bh3 24. Qf2 f5 25. f4 h6 26. Nf3 Bg4 27. Ne5 Bxe5 28. dxe5 g5 29. Qd2 gxf4 30. Bxf4 Bf3 31. Ra7 Bd5 32. Qf2 Qg4 33. Re2 h5 34. Rd2 R6e7 35. Qc5 Kf7 36. Rxd5 cxd5 37. Qxd5+ Kg7 38. Ra6 Qe2 39. Qd6 Qe1+ 40. Kg2 Qe2+ 41. Kg1 Qe1+ 42. Kg2 1/2-1/2

[Event "HUN-ch U18"]
[Site "Balatonlelle"]
[Date "2009.07.01"]
[Round "5"]
[White "Papp, Abel"]
[Black "Vicicko, Zoltan"]
[Result "1-0"]
[WhiteElo "2219"]
[BlackElo "1822"]
[PlyCount "97"]
[EventDate "2009.06.27"]
[EventType "swiss"]
[EventRounds "9"]
[EventCountry "HUN"]
[SourceTitle "EXT 2011"]
[Source "ChessBase"]
[SourceDate "2010.11.26"]
[SourceVersion "1"]
[SourceVersionDate "2010.11.26"]
[SourceQuality "1"]

1. e4 d6 2. d4 Nf6 3. Nc3 g6 4. g3 Bg7 5. Bg2 0-0 6. Nge2 e5 7. h3 c6 8. a4 a5 9. 0-0 Na6 10. Be3 Nb4 11. g4 Bxg4 12. hxg4 Nxg4 13. Bf3 Nxe3 14. fxe3 Qg5+ 15. Kf2 Bh6 16. Qd2 Qh4+ 17. Kg2 Qg5+ 18. Kh3 exd4 19. Nxd4 Qxe3 20. Qxe3 Bxe3 21. Rad1 Bxd4 22. Rxd4 Nxc2 23. Rxd6 Ne3 24. Rf2 Nc4 25. Rd7 Rab8 26. Be2 Ne5 27. Re7 Rfe8 28. Rc7 Kf8 29. Nd1 Re7 30. Rxe7 Kxe7 31. Ne3 Rd8 32. Nc4 Nxc4 33. Bxc4 f6 34. b3 Rb8 35. Kg3 b5 36. axb5 cxb5 37. Bd5 Rc8 38. Ra2 Rc3+ 39. Kf4 a4 40. bxa4 bxa4 41. Rxa4 Rc7 42. Ra8 Kd6 43. Ra6+ Ke7 44. Re6+ Kf8 45. Rxf6+ Kg7 46. Ra6 h6 47. Ke5 Rc1 48. Ra7+ Kh8 49. Kf6 1-0

[Event "HUN-ch U18"]
[Site "Balatonlelle"]
[Date "2009.06.30"]
[Round "4"]
[White "Vicicko, Zoltan"]
[Black "Szepes, Tamas"]
[Result "1-0"]
[WhiteElo "1822"]
[BlackElo "2096"]
[PlyCount "117"]
[EventDate "2009.06.27"]
[EventType "swiss"]
[EventRounds "9"]
[EventCountry "HUN"]
[SourceTitle "EXT 2011"]
[Source "ChessBase"]
[SourceDate "2010.11.26"]
[SourceVersion "1"]
[SourceVersionDate "2010.11.26"]
[SourceQuality "1"]

1. e4 d5 2. exd5 Nf6 3. Bb5+ Bd7 4. Bc4 Bg4 5. f3 Bc8 6. Nc3 Nbd7 7. d4 Nb6 8. Bb3 Nbxd5 9. Ne4 e6 10. Ne2 c5 11. 0-0 cxd4 12. Nxd4 e5 13. Qe2 a6 14. Rd1 Be7 15. c4 exd4 16. Rxd4 0-0 17. cxd5 Nxe4 18. Rxe4 Bf6 19. g4 Bd7 20. Bf4 Rc8 21. Re1 Bh4 22. Bg3 Bxg3 23. hxg3 Bb5 24. Qe3 Qf6 25. g5 Qxb2 26. d6 Qc3 27. Qf4 Bc6 28. Rc1 Qxc1+ 29. Qxc1 Bxe4 30. Bxf7+ Kxf7 31. Qf4+ Ke6 32. Qxe4+ Kxd6 33. Qxb7 Rfe8 34. Qxa6+ Ke5 35. f4+ Kf5 36. Qd3+ Kg4 37. Kg2 Rcd8 38. Qf3+ Kf5 39. g4+ Kg6 40. Qc6+ Kf7 41. Qc4+ Kf8 42. a4 Rd2+ 43. Kf3 Rdd8 44. a5 Rd7 45. a6 Ree7 46. f5 Rc7 47. Qb4 Kf7 48. Qb3+ Kf8 49. g6 hxg6 50. fxg6 Red7 51. Qb4+ Ke8 52. Kf4 Ra7 53. Qb6 Rac7 54. Kf5 Kf8 55. Qb5 Ke7 56. g5 Kf8 57. Ke6 Re7+ 58. Kd6 Rc8 59. Qf5+ 1-0

[Event "HUN-ch U18"]
[Site "Balatonlelle"]
[Date "2009.06.27"]
[Round "1"]
[White "Vicicko, Zoltan"]
[Black "Bartos, Tamas"]
[Result "0-1"]
[WhiteElo "1822"]
[BlackElo "2131"]
[PlyCount "50"]
[EventDate "2009.06.27"]
[EventType "swiss"]
[EventRounds "9"]
[EventCountry "HUN"]
[SourceTitle "EXT 2011"]
[Source "ChessBase"]
[SourceDate "2010.11.26"]
[SourceVersion "1"]
[SourceVersionDate "2010.11.26"]
[SourceQuality "1"]

1. e4 e6 2. d4 d5 3. Nc3 Nf6 4. e5 Nfd7 5. f4 c5 6. Be3 Nc6 7. Nf3 cxd4 8. Nxd4 Bc5 9. Bb5 Qb6 10. Na4 Qa5+ 11. Bd2 Qc7 12. Nb3 Be7 13. Qg4 0-0 14. 0-0-0 a6 15. Bd3 d4 16. Be4 b5 17. Qh3 g6 18. Bxc6 Qxc6 19. Nxd4 Qc4 20. f5 Qxd4 21. fxe6 Nxe5 22. exf7+ Nxf7 23. Qg3 Qxa4 24. Kb1 Bf5 25. b3 Qe4 0-1

[Event "HUN-chT2 Barcza 0809"]
[Site "Hungary"]
[Date "2009.02.22"]
[Round "8.11"]
[White "Vicicko, Zoltan"]
[Black "Kozma, Adam"]
[Result "1/2-1/2"]
[WhiteElo "1852"]
[BlackElo "1702"]
[PlyCount "128"]
[EventDate "2008.10.26"]
[EventType "team-tourn"]
[EventRounds "11"]
[EventCountry "HUN"]
[SourceTitle "EXT 2010"]
[Source "ChessBase"]
[SourceDate "2010.11.25"]
[SourceVersion "1"]
[SourceVersionDate "2010.11.25"]
[SourceQuality "1"]
[WhiteTeam "Nyiregyhaza"]
[BlackTeam "Tiszavasvar"]
[WhiteTeamCountry "HUN"]
[BlackTeamCountry "HUN"]

1. e4 c6 2. d4 d5 3. Nc3 dxe4 4. Nxe4 Bf5 5. Ng3 Bg6 6. h4 h6 7. Nf3 e6 8. h5 Bh7 9. Bd3 Nf6 10. Bxh7 Nxh7 11. Qd3 Bd6 12. Ne4 Nf6 13. Bd2 Nxe4 14. Qxe4 Nd7 15. 0-0-0 Nf6 16. Qe2 b5 17. g4 Qc7 18. Ne5 Nd7 19. f4 Bxe5 20. fxe5 Nb6 21. Bb4 0-0-0 22. Qf3 Nd5 23. Bd6 Qb7 24. Rd3 Rd7 25. Rb3 a6 26. c4 Nb6 27. cxb5 cxb5 28. Qh3 Nc4 29. Rc3 Kd8 30. Qh4+ Ke8 31. Bc5 Qg2 32. Rc2 Qf3 33. Kb1 Qf4 34. b3 Ne3 35. Rf2 Qxg4 36. Qxg4 Nxg4 37. Rg2 f5 38. exf6 Nxf6 39. Rc1 Kf7 40. Re2 Re8 41. Rf1 Rd5 42. Re5 Kg8 43. Rfe1 Rxe5 44. Rxe5 Kf7 45. Kc2 Rd8 46. Kc3 Rd5 47. Kb4 Nxh5 48. Ka5 Rxe5 49. dxe5 Nf4 50. Kxa6 Nd5 51. Kxb5 Nc3+ 52. Kc4 Nxa2 53. b4 Nxb4 54. Bxb4 g5 55. Kd3 Kg6 56. Ke3 Kf5 57. Bc3 Kg4 58. Kf2 Kh4 59. Kg2 Kg4 60. Bd2 Kf5 61. Bc3 h5 62. Kg3 Ke4 63. Ba1 g4 64. Bc3 Kd3 1/2-1/2

[Event "HUN-chT2 Barcza 0809"]
[Site "Hungary"]
[Date "2008.11.02"]
[Round "2.11"]
[White "Jakab, Gergely Sandor"]
[Black "Vicicko, Zoltan"]
[Result "1/2-1/2"]
[WhiteElo "1679"]
[BlackElo "1852"]
[PlyCount "86"]
[EventDate "2008.10.26"]
[EventType "team-tourn"]
[EventRounds "11"]
[EventCountry "HUN"]
[SourceTitle "EXT 2010"]
[Source "ChessBase"]
[SourceDate "2010.11.25"]
[SourceVersion "1"]
[SourceVersionDate "2010.11.25"]
[SourceQuality "1"]
[WhiteTeam "Edeleny"]
[BlackTeam "Nyiregyhaza"]
[WhiteTeamCountry "HUN"]
[BlackTeamCountry "HUN"]

1. e4 d6 2. d4 Nf6 3. Nc3 g6 4. Nf3 Bg7 5. Bc4 0-0 6. 0-0 c6 7. Bd3 b5 8. a3 a6 9. Ne2 c5 10. c3 c4 11. Bc2 d5 12. e5 Ne4 13. Bxe4 dxe4 14. Nd2 Bb7 15. Ng3 Qd5 16. Ngxe4 f5 17. exf6 exf6 18. f3 f5 19. Nc5 Bxd4+ 20. cxd4 Qxd4+ 21. Kh1 Qxc5 22. Nb1 Nc6 23. Nc3 Rad8 24. Qe1 Rfe8 25. Qg3 Nd4 26. Bg5 Rd6 27. Rae1 Rde6 28. Rxe6 Rxe6 29. Rd1 Re8 30. h3 Ne6 31. Bf6 f4 32. Qe1 Qe3 33. Qxe3 fxe3 34. Ne2 Nc5 35. Rd8 Rxd8 36. Bxd8 Nd3 37. Bf6 Kf7 38. Bc3 Ke6 39. Kg1 Kd5 40. Kf1 a5 41. Bxa5 Nxb2 42. Bb6 Na4 43. Ba5 Bc6 1/2-1/2

[Event "HUN-chT U18"]
[Site "Miskolc"]
[Date "2008.10.29"]
[Round "5.13"]
[White "Vicicko, Zoltan"]
[Black "Ruck, Robert1111"]
[Result "1/2-1/2"]
[WhiteElo "1852"]
[BlackElo "1736"]
[PlyCount "78"]
[EventDate "2008.10.27"]
[EventType "team-swiss"]
[EventRounds "8"]
[EventCountry "HUN"]
[SourceTitle "EXT 2016"]
[Source "ChessBase"]
[SourceDate "2015.10.08"]
[SourceVersion "1"]
[SourceVersionDate "2015.10.08"]
[SourceQuality "1"]

1. e4 c5 2. Nf3 Nc6 3. d4 cxd4 4. Nxd4 Nf6 5. Nc3 e5 6. Ndb5 d6 7. Bg5 a6 8. Na3 b5 9. Nd5 Be7 10. Bxf6 Bxf6 11. Nxf6+ Qxf6 12. Qd5 Bd7 13. Rd1 0-0 14. Qxd6 Qxd6 15. Rxd6 Rfd8 16. Kd2 Bg4 17. Rxd8+ Rxd8+ 18. Bd3 Be6 19. Ra1 b4 20. Nb1 f5 21. Kc1 Nd4 22. c3 fxe4 23. Bxe4 Ne2+ 24. Kc2 a5 25. Nd2 bxc3 26. bxc3 Rc8 27. c4 Nd4+ 28. Kb2 h6 29. Bd3 Kf7 30. Re1 Rb8+ 31. Kc3 Nc6 32. Nf3 Kf6 33. Be4 Nb4 34. Re2 Rc8 35. Nxe5 Nxa2+ 36. Rxa2 Kxe5 37. Bd3 Ra8 38. Re2+ Kf6 39. Ra2 Ke5 1/2-1/2